01691cam a22003618i 450000100090000000300040000900500170001300600180003000700150004800800410006301000170010402000180012104000230013904200080016205000110017008200150018110000270019624500710022325000100029426300090030426400430031330000140035633600260037033700260039633800360042250000200045852005270047852100300100552100340103558801030106965000160117277601410118823244554OSt20250610094737.0m |o d | cr_|||||||||||230724s2024 iau jo 001 0 eng  a 2023024661 a9798219000195 aDLCbengcDLCerda apcc00aHF563500a657bWIL/F1 aWild, John J.eauthor.10aFinancial accounting :binformation for decisions /cJohn J. Wild. a2024  a2312 1aIndia :bMcGraw Hill Education,c2024. a515 pages atextbtxt2rdacontent acomputerbc2rdamedia aonline resourcebcr2rdacarrier aIncludes index. a"Learning science reveals that students better learn and retain information when text is presented in a direct, concise, and systematic manner within a blocked format. Our new edition delivers the content you expect in fewer pages. Visual aids and numerous demonstration and Hint (guided example) videos offer additional learning aids. New summary Cheat Sheets conclude each chapter to visually reinforce key concepts and procedures, and they offer a link for students as they search for answers"--cProvided by publisher. aAges 18+bMcGraw Hill LLC aGrades 10-12bMcGraw Hill LLC aDescription based on print version record and CIP data provided by publisher; resource not viewed. 0aAccounting.08iPrint version:aWild, John J.tFinancial accountingb2024 release.dDubuque, IA : McGraw Hill LLC, 2024z9781264127269w(DLC) 2023024660